| 000 | 00471nam a2200157Ia 4500 | ||
|---|---|---|---|
| 008 | 170221s9999 xx 000 0 und d | ||
| 100 | _aGuo Jing-ying | ||
| 245 | _a“Your Secrets Are Safe with me”: Opening Prison Counseling | ||
| 245 | _cGuo Jing-ying | ||
| 260 | _bStudies in Media and Communication | ||
| 260 | _c2016 | ||
| 300 | _a5 : 4 | ||
| 650 | _xCommunication | ||
| 650 | _xMedia Arts | ||
| 856 | _uhttp://redfame.com/journal/index.php/smc/issue/view/3 | ||
| 999 |
_c312917 _d312917 |
||